Loading...
| Current Events | 1 | 10.00 | 100% | 0% | 0% |
| Fine Arts - Classical Music | 9 | 5.56 | 56% | 0% | 0% |
| Fine Arts - Other | 4 | 10.00 | 75% | 25% | 0% |
| Fine Arts - Painting & Sculpture | 6 | 10.00 | 83% | 17% | 0% |
| Geography | 5 | 12.00 | 100% | 20% | 0% |
| History - American | 7 | 14.29 | 100% | 43% | 0% |
| History - European | 4 | 12.50 | 75% | 50% | 0% |
| History - Other | 5 | 14.00 | 100% | 40% | 0% |
| History - World | 5 | 14.00 | 100% | 40% | 0% |
| Literature - American | 6 | 11.67 | 100% | 17% | 0% |
| Literature - British | 9 | 10.00 | 100% | 0% | 0% |
| Literature - European | 10 | 13.00 | 90% | 40% | 0% |
| Literature - World | 10 | 15.00 | 100% | 50% | 0% |
| Mythology | 4 | 12.50 | 100% | 25% | 0% |
| Other Academic | 2 | 15.00 | 100% | 50% | 0% |
| Philosophy | 4 | 7.50 | 75% | 0% | 0% |
| Religion | 6 | 10.00 | 83% | 17% | 0% |
| Science - Biology | 9 | 7.78 | 67% | 11% | 0% |
| Science - Chemistry | 9 | 8.89 | 56% | 33% | 0% |
| Science - Other | 5 | 6.00 | 40% | 20% | 0% |
| Science - Physics | 4 | 15.00 | 100% | 50% | 0% |
| Social Science | 5 | 10.00 | 60% | 40% | 0% |